[Event "FIDE WCC Blitz Women 2019"]
[Site "Moscow"]
[Date "2019.12.29"]
[Round "4.37"]
[White "Komiagina, Maria"]
[Black "Strutinskaia, Galina"]
[Result "0-1"]
[WhiteElo "2106"]
[BlackElo "2227"]
[Annotator "NA"]
[PlyCount "70"]
[EventDate "2019.12.29"]
[EventType "swiss"]
[EventCountry "RUS"]
[SourceTitle "playchess.com"]
[Source "ChessBase"]
[SourceQuality "1"]

1. e4 c5 2. Nf3 Nc6 3. Bb5 e6 4. Bxc6 bxc6 5. d3 Ne7 6. O-O Ng6 7. e5 Be7 8. Nc3 O-O 9. Re1 f6 10. h3 Qc7 11. exf6 Bxf6 12. Ne4 Be7 13. Be3 d6 14. d4 cxd4 15. Nxd4 e5 16. Nb3 Rb8 17. Rb1 d5 18. Nec5 Bf5 19. f3 Qc8 20. Kh2 Bd6 21. Rf1 a5 22. a4 Rb4 23. c3 Rb8 24. Rc1 Qd8 25. Qe1 Qe7 26. Kh1 Bc8 27. Qf2 Nf4 28. Rfe1 Qf7 29. Rcd1 Qh5 30. Bxf4 Rxf4 31. Kg1 e4 32. Rd2 exf3 33. g3 Rf8 34. g4 Qh6 35. Nxa5 Qxh3 0-1

[Event "FIDE WCC Blitz Women 2019"]
[Site "Moscow"]
[Date "2019.12.29"]
[Round "4.38"]
[White "Ushenina, Anna"]
[Black "Balaian, Alina"]
[Result "0-1"]
[WhiteElo "2424"]
[BlackElo "2173"]
[Annotator "NA"]
[PlyCount "107"]
[EventDate "2019.12.29"]
[EventType "swiss"]
[EventCountry "RUS"]
[SourceTitle "playchess.com"]
[Source "ChessBase"]
[SourceQuality "1"]

1. Nf3 Nf6 2. c4 g6 3. g3 Bg7 4. Bg2 d5 5. O-O O-O 6. cxd5 Nxd5 7. d4 Nb6 8. Nc3 Nc6 9. d5 Na5 10. Nd4 Bd7 11. b3 c5 12. dxc6 Nxc6 13. Be3 Rc8 14. Rc1 e5 15. Ndb5 Rb8 16. Nd6 Nc8 17. Ncb5 a6 18. Nxc8 axb5 19. Nd6 Nd4 20. Nxb7 Qb6 21. Nc5 Bc6 22. Bxc6 Qxc6 23. Qd3 Rfd8 24. Bxd4 Rxd4 25. Qe3 Qa8 26. Rc2 h5 27. Nd3 Re8 28. h4 Kh7 29. Qc1 Bh6 30. Qb2 Bg7 31. Rc7 e4 32. Nf4 Rd7 33. Qc2 Rxc7 34. Qxc7 Kg8 35. Qd7 Re5 36. Rc1 Qxa2 37. Rc8+ Kh7 38. Qd8 Qa1+ 39. Kg2 Rf5 40. Qg8+ Kh6 41. Rc7 Qe5 42. Rxf7 Rxf7 43. Qxf7 Qd6 44. e3 Qc6 45. Qe6 Qxe6 46. Nxe6 Be5 47. Nc5 Bd6 48. Nxe4 Bb4 49. Kf3 Kg7 50. Kf4 Kf7 51. Ng5+ Kf6 52. Ke4 Be1 53. Kd5 Bxf2 54. Ne4+ 0-1

[Event "FIDE WCC Blitz Women 2019"]
[Site "Moscow"]
[Date "2019.12.29"]
[Round "4.39"]
[White "Buksa, Nataliya"]
[Black "Sgircea, Silvia-Raluca"]
[Result "1-0"]
[WhiteElo "2356"]
[BlackElo "2154"]
[Annotator "TA"]
[PlyCount "75"]
[EventDate "2019.12.29"]
[EventType "swiss"]
[EventCountry "RUS"]
[SourceTitle "playchess.com"]
[Source "ChessBase"]
[SourceQuality "1"]

1. e4 c5 2. Nf3 Nc6 3. Bb5 g6 4. Bxc6 bxc6 5. d4 Bg7 6. dxc5 Qa5+ 7. Nbd2 Nf6 8. Qe2 Qxc5 9. c4 O-O 10. O-O d6 11. h3 Qb6 12. Rb1 h6 13. b4 Be6 14. Bb2 Kh7 15. a3 a5 16. Bd4 Qc7 17. e5 Nd7 18. exd6 exd6 19. Bxg7 Kxg7 20. Rfe1 axb4 21. axb4 Rfe8 22. Qd3 Nb6 23. Rbc1 Qe7 24. Qd4+ Qf6 25. Qxb6 Rec8 26. Qd4 Rab8 27. Qxf6+ Kxf6 28. Rb1 Rb7 29. Ne4+ Ke7 30. c5 dxc5 31. Nxc5 Ra7 32. Nd4 Kf6 33. Ndxe6 fxe6 34. Rxe6+ Kf7 35. Rd1 Rb8 36. Rd4 Ra1+ 37. Kh2 Rb1 38. Rd7+ 1-0

[Event "FIDE WCC Blitz Women 2019"]
[Site "Moscow"]
[Date "2019.12.29"]
[Round "4.40"]
[White "Karavaeva, Olga"]
[Black "Danielian, Elina"]
[Result "1-0"]
[WhiteElo "2174"]
[BlackElo "2341"]
[Annotator "TA"]
[PlyCount "62"]
[EventDate "2019.12.29"]
[EventType "swiss"]
[EventCountry "RUS"]
[SourceTitle "playchess.com"]
[Source "ChessBase"]
[SourceQuality "1"]

1. c4 e6 2. g3 c5 3. Bg2 Nc6 4. Nc3 g6 5. Nf3 Bg7 6. O-O Nge7 7. e3 O-O 8. d4 cxd4 9. Nxd4 Nxd4 10. exd4 d6 11. b3 a6 12. Bb2 Rb8 13. Qd3 Bd7 14. a4 Qb6 15. Ne2 Nc6 16. Rad1 Rfd8 17. h4 h5 18. Rfe1 Be8 19. Rd2 Qc7 20. Nf4 b5 21. axb5 axb5 22. d5 Nb4 23. Qe2 e5 24. Nh3 bxc4 25. bxc4 Na6 26. Ng5 Rb4 27. Rc1 Rc8 28. Rdc2 Nc5 29. Ba3 Ra4 30. Bxc5 Qxc5 31. Ne4 Qb6 1-0

[Event "FIDE WCC Blitz Women 2019"]
[Site "Moscow"]
[Date "2019.12.29"]
[Round "4.41"]
[White "Ovod, Evgenija"]
[Black "Guichard, Pauline"]
[Result "0-1"]
[WhiteElo "2163"]
[BlackElo "2335"]
[Annotator "TA"]
[PlyCount "69"]
[EventDate "2019.12.29"]
[EventType "swiss"]
[EventCountry "RUS"]
[SourceTitle "playchess.com"]
[Source "ChessBase"]
[SourceQuality "1"]

1. e4 e5 2. Nf3 Nc6 3. Bc4 Nf6 4. d3 Bc5 5. O-O O-O 6. Bb3 d5 7. exd5 Nxd5 8. Re1 Re8 9. Nbd2 Bf5 10. Ne4 Bb6 11. Ng3 Bg6 12. Ba4 f6 13. Nh4 Bf7 14. Ngf5 Nde7 15. Qg4 Nxf5 16. Nxf5 Bg6 17. Bb3+ Kh8 18. Nh4 Ne7 19. Be3 Qc8 20. Nxg6+ Nxg6 21. Qh5 Qd7 22. Bxb6 axb6 23. Re3 Nf4 24. Qh4 Rf8 25. Rae1 Qf5 26. Rg3 Ng6 27. Qb4 Rad8 28. Qc4 c6 29. a4 Rd4 30. Qc3 Rf4 31. Qd2 Rg4 32. Qe3 Nf4 33. h3 Rg6 34. Rxg6 Qxg6 35. Qg3 0-1

[Event "FIDE WCC Blitz Women 2019"]
[Site "Moscow"]
[Date "2019.12.29"]
[Round "4.42"]
[White "Mamedjarova, Zeinab"]
[Black "Munkhzul, Turmunkh"]
[Result "1/2-1/2"]
[WhiteElo "2325"]
[BlackElo "2139"]
[Annotator "NA"]
[PlyCount "221"]
[EventDate "2019.12.29"]
[EventType "swiss"]
[EventCountry "RUS"]
[SourceTitle "playchess.com"]
[Source "ChessBase"]
[SourceQuality "1"]

1. d4 Nf6 2. Nf3 e6 3. e3 b6 4. Bd3 Bb7 5. Nbd2 d5 6. O-O Bd6 7. b3 O-O 8. Bb2 Nbd7 9. Qe2 Ne4 10. Ne5 f5 11. f3 Nxd2 12. Qxd2 Nxe5 13. dxe5 Bc5 14. Kh1 Qh4 15. a3 a5 16. Qe2 g5 17. f4 g4 18. Bd4 Be7 19. Kg1 Rad8 20. Rfd1 Rf7 21. c4 Rg7 22. cxd5 Bxd5 23. Bc4 Bf8 24. Bb2 c6 25. Rd2 Rgd7 26. Bxd5 Rxd5 27. Rxd5 Rxd5 28. Rc1 c5 29. e4 fxe4 30. Qxe4 Rd2 31. Bc3 Qf2+ 32. Kh1 Rd5 33. Rg1 Bh6 34. g3 Qa2 35. f5 Qxb3 36. Qxg4+ Kh8 37. fxe6 Qxc3 38. e7 Rxe5 39. Qc8+ Kg7 40. e8=Q Qf3+ 41. Rg2 Qd1+ 42. Rg1 Qd5+ 43. Rg2 Qd1+ 44. Rg1 Qf3+ 45. Rg2 Qf1+ 46. Rg1 Qf3+ 47. Rg2 Qd1+ 48. Rg1 Qd5+ 49. Rg2 Qd1+ 50. Rg1 Rxe8 51. Qxe8 Qf3+ 52. Rg2 Be3 53. Qe5+ Kg8 54. Qe6+ Kf8 55. h3 c4 56. Qxc4 Bc5 57. Qe2 Qxe2 58. Rxe2 Bxa3 59. Re6 Bc5 60. Kg2 a4 61. Re4 a3 62. Ra4 b5 63. Ra5 b4 64. Rxc5 a2 65. Ra5 b3 66. Kf3 b2 67. Ra8+ Ke7 68. Ra7+ Kf6 69. Ra6+ Ke5 70. Rxa2 b1=Q 71. Re2+ Kf5 72. Kf2 Qb6+ 73. Kf3 Qb3+ 74. Kf2 Qb6+ 75. Kf3 Qh6 76. Kg2 Qc1 77. Kh2 Qf1 78. Rg2 Ke4 79. Rg1 Qf2+ 80. Rg2 Qe1 81. Rg1 Qc3 82. Rf1 Qd2+ 83. Kg1 Ke3 84. Rf4 h5 85. h4 Qe2 86. Kh1 Kd3 87. Kg1 Ke3 88. Kh1 Qc2 89. Kg1 Qd1+ 90. Kg2 Qe1 91. Kh2 Qe2+ 92. Kg1 Qe1+ 93. Kg2 Qd2+ 94. Kg1 Qa2 95. Kh1 Qd5+ 96. Kg1 Ke2 97. Kh2 Qd3 98. Kg2 Ke1 99. Kh2 Qe2+ 100. Kh1 Kd2 101. Kg1 Ke3 102. Kh1 Qe1+ 103. Kg2 Qd2+ 104. Kg1 Qd5 105. Kh2 Ke2 106. Kg1 Qe5 107. Kg2 Ke3 108. Rf3+ Ke4 109. Rf4+ Qxf4 110. gxf4 Kxf4 111. Kf2 1/2-1/2

[Event "FIDE WCC Blitz Women 2019"]
[Site "Moscow"]
[Date "2019.12.29"]
[Round "4.43"]
[White "Shuvalova, Polina"]
[Black "Protopopova, Anastasiya"]
[Result "1-0"]
[WhiteElo "2302"]
[BlackElo "2084"]
[Annotator "TA"]
[PlyCount "57"]
[EventDate "2019.12.29"]
[EventType "swiss"]
[EventCountry "RUS"]
[SourceTitle "playchess.com"]
[Source "ChessBase"]
[SourceQuality "1"]

1. e4 c5 2. Nf3 e6 3. g3 d5 4. exd5 exd5 5. Bg2 Nf6 6. O-O Be7 7. d4 b6 8. Nc3 Bb7 9. Bg5 O-O 10. Re1 h6 11. Bf4 Nc6 12. Qd2 Ne4 13. Qd1 Nxc3 14. bxc3 Bf6 15. Qd2 Qd7 16. Rad1 Rad8 17. Ne5 Nxe5 18. dxe5 Be7 19. h4 Qe6 20. Kh2 Qg6 21. Qe2 Rd7 22. h5 Qh7 23. Be4 g6 24. e6 Rdd8 25. exf7+ Qxf7 26. Bxg6 Qg7 27. Qxe7 Qxe7 28. Rxe7 Bc6 29. Bh7+ 1-0

[Event "FIDE WCC Blitz Women 2019"]
[Site "Moscow"]
[Date "2019.12.29"]
[Round "4.44"]
[White "Enkhtuul, Altan-Ulzii"]
[Black "Garifullina, Leya"]
[Result "0-1"]
[WhiteElo "2149"]
[BlackElo "2267"]
[Annotator "NA"]
[PlyCount "76"]
[EventDate "2019.12.29"]
[EventType "swiss"]
[EventCountry "RUS"]
[SourceTitle "playchess.com"]
[Source "ChessBase"]
[SourceQuality "1"]

1. d4 Nf6 2. Nf3 e6 3. g3 d5 4. Bg2 Be7 5. O-O O-O 6. c4 Nbd7 7. Nbd2 c6 8. Qc2 b6 9. e4 dxc4 10. Nxc4 Bb7 11. Rd1 c5 12. Ng5 h6 13. e5 Bxg2 14. exf6 Nxf6 15. Kxg2 hxg5 16. dxc5 Qc7 17. cxb6 axb6 18. Bxg5 Rac8 19. Rac1 b5 20. b3 bxc4 21. bxc4 Qc5 22. Be3 Qc6+ 23. Kg1 Ng4 24. Bd4 Bc5 25. Qe2 Bxd4 26. Rxd4 Nf6 27. Rh4 Rfd8 28. Rf4 Rd7 29. Qe5 Rcd8 30. Qe2 Rd2 31. Qe1 Rxa2 32. Rd1 Raa8 33. h4 Qa4 34. Rxd8+ Rxd8 35. Qe5 Rd1+ 36. Kh2 Qa8 37. f3 Qa2+ 38. Kh3 Rh1# 0-1

[Event "FIDE WCC Blitz Women 2019"]
[Site "Moscow"]
[Date "2019.12.29"]
[Round "4.45"]
[White "Batsiashvili, Nino"]
[Black "Bulatova, Kamaliya"]
[Result "1-0"]
[WhiteElo "2259"]
[BlackElo "2038"]
[Annotator "NA"]
[PlyCount "59"]
[EventDate "2019.12.29"]
[EventType "swiss"]
[EventCountry "RUS"]
[SourceTitle "playchess.com"]
[Source "ChessBase"]
[SourceQuality "1"]

1. d4 Nf6 2. Nf3 d5 3. Bf4 c5 4. e3 Nc6 5. Nbd2 Qb6 6. dxc5 Qxb2 7. Rb1 Qc3 8. Bb5 Qxc5 9. c4 a6 10. Bxc6+ bxc6 11. cxd5 Nxd5 12. Rc1 Qb5 13. Nd4 Qd3 14. N2b3 Nxf4 15. exf4 Qe4+ 16. Qe2 Qxg2 17. Kd2 e6 18. Nxc6 Qd5+ 19. Ke3 Ba3 20. Qg4 g6 21. Rhd1 Bxc1+ 22. Rxc1 f5 23. Qg5 Qe4+ 24. Kd2 O-O 25. Nbd4 Bd7 26. f3 Qd5 27. Ne7+ Kh8 28. Nxd5 exd5 29. Qe7 Ba4 30. Rc7 1-0

[Event "FIDE WCC Blitz Women 2019"]
[Site "Moscow"]
[Date "2019.12.29"]
[Round "4.46"]
[White "Yakimova, Mariya"]
[Black "Nebolsina, Vera"]
[Result "1-0"]
[WhiteElo "2128"]
[BlackElo "2252"]
[Annotator "NA"]
[PlyCount "77"]
[EventDate "2019.12.29"]
[EventType "swiss"]
[EventCountry "RUS"]
[SourceTitle "playchess.com"]
[Source "ChessBase"]
[SourceQuality "1"]

1. d4 Nf6 2. c4 g6 3. Nf3 Bg7 4. g3 d6 5. Bg2 O-O 6. O-O Nc6 7. Nc3 a5 8. e4 Bg4 9. h3 Bxf3 10. Bxf3 e5 11. d5 Nd4 12. Bg2 Nd7 13. Be3 c5 14. dxc6 bxc6 15. Ne2 c5 16. Nc3 Rb8 17. b3 Nb6 18. Qd3 Qd7 19. f4 f5 20. fxe5 dxe5 21. Nd5 Nxd5 22. cxd5 a4 23. Bxd4 cxd4 24. bxa4 Qxa4 25. exf5 gxf5 26. Rxf5 Rxf5 27. Qxf5 Rf8 28. Qe6+ Kh8 29. Rf1 Re8 30. Qf5 Rf8 31. Qg5 Rxf1+ 32. Bxf1 Qd7 33. Bc4 e4 34. Qf4 Qe8 35. d6 e3 36. d7 Qd8 37. Qf7 Bf6 38. a4 Qe7 39. Qg8# 1-0

[Event "FIDE WCC Blitz Women 2019"]
[Site "Moscow"]
[Date "2019.12.29"]
[Round "4.47"]
[White "Afonasieva, Anna"]
[Black "Kovanova, Baira"]
[Result "0-1"]
[WhiteElo "2099"]
[BlackElo "2218"]
[Annotator "NA"]
[PlyCount "72"]
[EventDate "2019.12.29"]
[EventType "swiss"]
[EventCountry "RUS"]
[SourceTitle "playchess.com"]
[Source "ChessBase"]
[SourceQuality "1"]

1. d4 Nf6 2. Nf3 e6 3. c4 Bb4+ 4. Bd2 Bxd2+ 5. Nbxd2 d6 6. g3 O-O 7. Bg2 Nbd7 8. O-O e5 9. Qc2 Qe7 10. e4 Re8 11. d5 a5 12. Ne1 Nc5 13. Nd3 Bd7 14. b3 b6 15. a3 c6 16. b4 Nxd3 17. Qxd3 Rec8 18. dxc6 Bxc6 19. Rfd1 Rd8 20. Nf1 Qb7 21. f3 b5 22. c5 d5 23. exd5 Rxd5 24. Qe2 axb4 25. axb4 Re8 26. Ne3 Rxd1+ 27. Rxd1 g6 28. Rd6 Kg7 29. Nf1 Nd5 30. Qd2 Ne7 31. Kf2 Nf5 32. Rd8 Re7 33. Ne3 Nd4 34. Nc2 Bxf3 35. Nxd4 Bxg2 36. Nxb5 Qf3+ 0-1

[Event "FIDE WCC Blitz Women 2019"]
[Site "Moscow"]
[Date "2019.12.29"]
[Round "4.48"]
[White "Mikhaylova, Irina"]
[Black "Belenkaya, Dina"]
[Result "1/2-1/2"]
[WhiteElo "2090"]
[BlackElo "2203"]
[Annotator "NA"]
[PlyCount "119"]
[EventDate "2019.12.29"]
[EventType "swiss"]
[EventCountry "RUS"]
[SourceTitle "playchess.com"]
[Source "ChessBase"]
[SourceQuality "1"]

1. d4 d5 2. Nf3 Nf6 3. c4 dxc4 4. e3 e6 5. Bxc4 a6 6. Qe2 c5 7. dxc5 Bxc5 8. O-O Nc6 9. Rd1 Qc7 10. a3 b5 11. Bd3 Bb7 12. Nbd2 O-O 13. Ne4 Nxe4 14. Bxe4 f5 15. Bc2 Ne5 16. Ne1 Rad8 17. Bd2 Qc6 18. Bc3 Nc4 19. Rxd8 Rxd8 20. Rd1 Rd5 21. Rxd5 Qxd5 22. Bb3 f4 23. exf4 h6 24. Bxc4 bxc4 25. Qe5 Qxe5 26. Bxe5 Be4 27. Kf1 Kf7 28. f3 Bb1 29. Ke2 g6 30. h3 h5 31. g4 Ke7 32. Ng2 Kd7 33. Ne3 Bd3+ 34. Kd2 Kc6 35. Bc3 Kb5 36. Nc2 Bf1 37. h4 Bg2 38. Ke2 Bh3 39. gxh5 gxh5 40. Bd4 Bd6 41. Be5 Bc5 42. Nd4+ Bxd4 43. Bxd4 Ka4 44. Ke3 Bf5 45. Bc3 Kb3 46. Kd4 a5 47. Ke5 a4 48. Kf6 Kc2 49. Kg5 Kd3 50. Kxh5 Ke3 51. Kg5 Kxf3 52. h5 Bd3 53. h6 Be4 54. Be5 Kg3 55. Kf6 Kh4 56. Kg7 Kh5 57. h7 Bxh7 58. Kxh7 Kg4 59. Kg7 Kf5 60. Kf7 1/2-1/2

[Event "FIDE WCC Blitz Women 2019"]
[Site "Moscow"]
[Date "2019.12.29"]
[Round "4.49"]
[White "Paramzina, Anastasya"]
[Black "Serikbay, Assel"]
[Result "1-0"]
[WhiteElo "2203"]
[BlackElo "2028"]
[Annotator "NA"]
[PlyCount "96"]
[EventDate "2019.12.29"]
[EventType "swiss"]
[EventCountry "RUS"]
[SourceTitle "playchess.com"]
[Source "ChessBase"]
[SourceQuality "1"]

1. e4 c5 2. Nf3 e6 3. d4 cxd4 4. Nxd4 a6 5. Bd3 Nf6 6. O-O d6 7. c4 g6 8. b3 Bg7 9. Bb2 O-O 10. Nc3 b6 11. Rc1 Bb7 12. Bb1 Nbd7 13. Qd2 Nc5 14. f3 d5 15. e5 Ne8 16. b4 Nd7 17. cxd5 Nxe5 18. dxe6 Nc4 19. e7 Qxe7 20. Qf2 Nxb2 21. Rfe1 Qd6 22. Nb3 Nd3 23. Bxd3 Qxd3 24. Red1 Qf5 25. Qxb6 Bc8 26. Nd5 Kh8 27. Ne7 Qe6 28. Qc5 Bd7 29. Re1 Qd6 30. Qxd6 Nxd6 31. Rcd1 Rfe8 32. Rxd6 Be6 33. Nc6 Bxb3 34. Rxe8+ Rxe8 35. axb3 h5 36. Na5 Bc3 37. Rxa6 Bd4+ 38. Kf1 Bc3 39. Nc6 Re1+ 40. Kf2 Rc1 41. b5 Rc2+ 42. Ke3 Rxg2 43. b6 Bd2+ 44. Kd3 Bf4 45. b7 Rxh2 46. Kc4 Kg7 47. Ra8 h4 48. Re8 Rc2+ 1-0

[Event "FIDE WCC Blitz Women 2019"]
[Site "Moscow"]
[Date "2019.12.29"]
[Round "4.50"]
[White "Muetsch, Annmarie"]
[Black "Antonova, Nadezhda"]
[Result "0-1"]
[WhiteElo "2202"]
[BlackElo "1914"]
[Annotator "NA"]
[PlyCount "68"]
[EventDate "2019.12.29"]
[EventType "swiss"]
[EventCountry "RUS"]
[SourceTitle "playchess.com"]
[Source "ChessBase"]
[SourceQuality "1"]

1. e4 d6 2. d4 Nf6 3. Nc3 e5 4. Nf3 Nbd7 5. Bc4 Be7 6. O-O O-O 7. a4 c6 8. h3 Qc7 9. Re1 b6 10. d5 Bb7 11. dxc6 Bxc6 12. Bd3 h6 13. Qe2 Rfe8 14. Nh4 d5 15. Nf5 Bf8 16. exd5 Nxd5 17. Nxd5 Bxd5 18. Qg4 Kh8 19. Qh4 e4 20. Bxe4 Bxe4 21. Rxe4 Qxc2 22. Rxe8 Rxe8 23. Ne3 Qg6 24. Bd2 Be7 25. Qd4 Nf6 26. Bc3 Bc5 27. Qd2 Ne4 28. Qc2 Bxe3 29. fxe3 Nxc3 30. Qxc3 Qg3 31. Re1 Re6 32. Qc8+ Kh7 33. Qc2+ Rg6 34. e4 Qxe1+ 0-1

[Event "FIDE WCC Blitz Women 2019"]
[Site "Moscow"]
[Date "2019.12.29"]
[Round "4.51"]
[White "Shafigullina, Zarina"]
[Black "Badelka, Olga"]
[Result "0-1"]
[WhiteElo "2052"]
[BlackElo "2186"]
[Annotator "NA"]
[PlyCount "91"]
[EventDate "2019.12.29"]
[EventType "swiss"]
[EventCountry "RUS"]
[SourceTitle "playchess.com"]
[Source "ChessBase"]
[SourceQuality "1"]

1. Nf3 c5 2. g3 Nc6 3. Bg2 g6 4. O-O Bg7 5. c4 d6 6. Nc3 e6 7. e3 Nge7 8. d4 cxd4 9. exd4 O-O 10. Bg5 h6 11. Be3 Nf5 12. Qd2 Nxe3 13. fxe3 Bd7 14. Rac1 Rc8 15. Kh1 a6 16. Ne4 Qe7 17. c5 dxc5 18. Nxc5 Rb8 19. e4 Rfd8 20. Rfd1 Be8 21. Qf2 Qf6 22. d5 exd5 23. exd5 Ne5 24. b3 Ng4 25. Qd2 Qb6 26. h3 Nf6 27. d6 Bc6 28. b4 Qa7 29. a3 b6 30. Nb3 Bd5 31. Nfd4 Rxd6 32. Kh2 Bxg2 33. Qxg2 Qd7 34. Qf3 Rd8 35. Rd2 h5 36. Rcd1 Ne8 37. Ne2 Rxd2 38. Rxd2 Qc7 39. Rxd8 Qxd8 40. Qc6 Nf6 41. Nf4 g5 42. Ne2 g4 43. h4 Nd5 44. Nbd4 Ne3 45. Nf5 Qd2 46. Qc8+ 0-1

[Event "FIDE WCC Blitz Women 2019"]
[Site "Moscow"]
[Date "2019.12.29"]
[Round "4.52"]
[White "Borisova, Ekaterina"]
[Black "Lelekova, Olga"]
[Result "1-0"]
[WhiteElo "2029"]
[BlackElo "2176"]
[Annotator "NA"]
[PlyCount "139"]
[EventDate "2019.12.29"]
[EventType "swiss"]
[EventCountry "RUS"]
[SourceTitle "playchess.com"]
[Source "ChessBase"]
[SourceQuality "1"]

1. d4 Nf6 2. c4 g6 3. g3 Bg7 4. Nf3 O-O 5. Bg2 d6 6. Nc3 Nbd7 7. O-O e5 8. e4 c6 9. h3 Qc7 10. Be3 Rd8 11. Qc2 Nf8 12. c5 exd4 13. cxd6 Qxd6 14. e5 Bf5 15. Qc1 Qb4 16. a3 Qb6 17. exf6 Bxf6 18. Nh4 Bxh4 19. gxh4 dxe3 20. fxe3 Rd3 21. Re1 Re8 22. Nd1 Qc7 23. e4 Qg3 24. Nf2 Bxh3 25. Nxh3 Red8 26. Qf4 Qxf4 27. Nxf4 Rd2 28. b4 Rb2 29. Re2 Rb3 30. Kf2 Rd4 31. Raa2 Rc4 32. Rac2 Rxc2 33. Rxc2 Rxa3 34. Rb2 Nd7 35. b5 c5 36. Nd5 Ne5 37. Bf1 b6 38. Rd2 Kg7 39. Ne3 h6 40. Rd5 Kf6 41. Rd6+ Ke7 42. Rd5 f6 43. Rd2 a6 44. Nd5+ Ke6 45. Nc7+ Ke7 46. bxa6 c4 47. Nd5+ Ke8 48. Nxb6 Rxa6 49. Nxc4 Nxc4 50. Bxc4 Ra4 51. Bd5 Ke7 52. Rb2 Kd6 53. Rb6+ Ke7 54. Re6+ Kd7 55. Rxf6 g5 56. h5 Ra3 57. Rxh6 g4 58. Rg6 Rh3 59. Be6+ Ke7 60. Bxg4 Rh4 61. Kg3 Rh1 62. Kf4 Rf1+ 63. Bf3 Kf7 64. Ra6 Rb1 65. e5 Re1 66. Bd5+ Kg7 67. h6+ Kh7 68. Be4+ Kg8 69. h7+ Kg7 70. Ra7+ 1-0

[Event "FIDE WCC Blitz Women 2019"]
[Site "Moscow"]
[Date "2019.12.29"]
[Round "4.53"]
[White "Gvanceladze, Anna"]
[Black "Zhuravleva, Olga"]
[Result "0-1"]
[WhiteElo "2066"]
[BlackElo "2127"]
[Annotator "NA"]
[PlyCount "109"]
[EventDate "2019.12.29"]
[EventType "swiss"]
[EventCountry "RUS"]
[SourceTitle "playchess.com"]
[Source "ChessBase"]
[SourceQuality "1"]

1. Nf3 Nf6 2. c4 e6 3. Nc3 Be7 4. g3 b6 5. Bg2 Bb7 6. O-O c5 7. Re1 O-O 8. e4 d6 9. d4 cxd4 10. Nxd4 Qc7 11. b3 a6 12. Bb2 Nbd7 13. Qd2 Rfe8 14. Rad1 Rac8 15. Kh1 Nc5 16. f4 Bf8 17. f5 exf5 18. Nxf5 Ncxe4 19. Nxe4 Nxe4 20. Qf4 d5 21. Qxc7 Rxc7 22. Bxe4 dxe4 23. Kg1 f6 24. Nd6 Re6 25. Nxb7 Rxb7 26. Rd8 Kf7 27. Red1 Bc5+ 28. Kf1 Rbe7 29. Ke2 a5 30. g4 h6 31. h3 Kg6 32. R8d7 Rxd7 33. Rxd7 Rd6 34. Re7 e3 35. Bc3 Rd8 36. Re4 h5 37. gxh5+ Kxh5 38. Re6 Kg6 39. Re4 Rh8 40. Rg4+ Kf7 41. h4 g6 42. Re4 Rh5 43. Rf4 f5 44. Bb2 Rh7 45. Bc1 Bd6 46. Rf3 Rxh4 47. Bxe3 Rh2+ 48. Bf2 Bc5 49. Ke1 Bxf2+ 50. Rxf2 Rxf2 51. Kxf2 Ke6 52. Kf3 g5 53. a3 Ke5 54. b4 axb4 55. axb4 0-1

[Event "FIDE WCC Blitz Women 2019"]
[Site "Moscow"]
[Date "2019.12.29"]
[Round "4.54"]
[White "Novikova, Anna"]
[Black "Diakonova, Ekaterina"]
[Result "0-1"]
[WhiteElo "2045"]
[BlackElo "2090"]
[Annotator "NA"]
[PlyCount "54"]
[EventDate "2019.12.29"]
[EventType "swiss"]
[EventCountry "RUS"]
[SourceTitle "playchess.com"]
[Source "ChessBase"]
[SourceQuality "1"]

1. e4 c6 2. d4 d5 3. exd5 cxd5 4. c4 Nf6 5. Nc3 g6 6. cxd5 Bg7 7. Bc4 O-O 8. Nge2 Nbd7 9. Nf4 Nb6 10. Bb3 Bf5 11. h3 g5 12. Nfe2 Nbxd5 13. Bxg5 a6 14. O-O b5 15. Nxd5 Nxd5 16. Bxd5 Qxd5 17. Bxe7 Rfe8 18. Bc5 Bh6 19. Nc3 Qc6 20. Qh5 Bd3 21. Rfe1 Bg7 22. Qg4 Kh8 23. Rad1 Bc2 24. Rc1 Bd3 25. Ne2 Bh6 26. Ra1 Rg8 27. Qh4 Qxg2# 0-1

[Event "FIDE WCC Blitz Women 2019"]
[Site "Moscow"]
[Date "2019.12.29"]
[Round "4.55"]
[White "Geller, Anastasiya"]
[Black "Munkhzul, Davaakhuu"]
[Result "1-0"]
[WhiteElo "2073"]
[BlackElo "1973"]
[Annotator "NA"]
[PlyCount "67"]
[EventDate "2019.12.29"]
[EventType "swiss"]
[EventCountry "RUS"]
[SourceTitle "playchess.com"]
[Source "ChessBase"]
[SourceQuality "1"]

1. d4 d5 2. Bf4 Nf6 3. e3 e6 4. c3 Bd6 5. Bxd6 Qxd6 6. f4 Nbd7 7. Bd3 c5 8. Nd2 cxd4 9. cxd4 a6 10. Ngf3 b5 11. Ne5 Nb6 12. b3 Bb7 13. Qf3 Rc8 14. O-O Rc3 15. g4 h5 16. g5 Ng4 17. Nb1 Rc8 18. Nxg4 hxg4 19. Qxg4 g6 20. Nd2 Ke7 21. Nf3 Rc3 22. Ne5 Nd7 23. Bxg6 fxg6 24. Nxg6+ Ke8 25. Nxh8 Qf8 26. Qxe6+ Kd8 27. Nf7+ Kc7 28. g6 Qg7 29. f5 Rc6 30. Rac1 Nf8 31. Rxc6+ Bxc6 32. Qe5+ Qxe5 33. dxe5 Kd7 34. g7 1-0

[Event "FIDE WCC Blitz Women 2019"]
[Site "Moscow"]
[Date "2019.12.29"]
[Round "4.56"]
[White "Nilssen, Ellen Fredericia"]
[Black "Nur-Mukhametova, Alisa"]
[Result "1-0"]
[WhiteElo "2162"]
[BlackElo "1832"]
[Annotator "NA"]
[PlyCount "71"]
[EventDate "2019.12.29"]
[EventType "swiss"]
[EventCountry "RUS"]
[SourceTitle "playchess.com"]
[Source "ChessBase"]
[SourceQuality "1"]

1. d4 Nf6 2. c4 c5 3. d5 e6 4. Nc3 exd5 5. cxd5 d6 6. e4 g6 7. Bd3 Bg7 8. h3 O-O 9. Nf3 b5 10. Bxb5 Nxe4 11. Nxe4 Qa5+ 12. Nfd2 Qxb5 13. Nxd6 Qa6 14. N2c4 Rd8 15. Bf4 Bf8 16. O-O Bxd6 17. Nxd6 Rxd6 18. Bxd6 Qxd6 19. Re1 Nd7 20. Re8+ Kg7 21. Qf3 Nf6 22. Qc3 Bb7 23. Rxa8 Bxa8 24. Rd1 Bxd5 25. Rd3 Qc6 26. f3 c4 27. Re3 Qc5 28. Kh1 Qd6 29. Qd4 Qc6 30. Re5 Qb7 31. a3 Qc6 32. Kh2 a6 33. g4 h6 34. h4 Kh7 35. Re7 Qb6 36. Qxb6 1-0

[Event "FIDE WCC Blitz Women 2019"]
[Site "Moscow"]
[Date "2019.12.29"]
[Round "4.57"]
[White "Nosacheva, Mariya"]
[Black "Agrest, Inna"]
[Result "1-0"]
[WhiteElo "2062"]
[BlackElo "2180"]
[Annotator "NA"]
[PlyCount "87"]
[EventDate "2019.12.29"]
[EventType "swiss"]
[EventCountry "RUS"]
[SourceTitle "playchess.com"]
[Source "ChessBase"]
[SourceQuality "1"]

1. Nf3 Nf6 2. c4 g6 3. g3 Bg7 4. Bg2 O-O 5. O-O d6 6. Nc3 a6 7. d4 Nbd7 8. e4 e5 9. Re1 exd4 10. Nxd4 Ng4 11. h4 Qf6 12. Nf3 Nge5 13. Nd5 Qd8 14. Qc2 c6 15. Ne3 Nxf3+ 16. Bxf3 Ne5 17. Bg2 Be6 18. f4 Bh3 19. fxe5 Bxg2 20. Nxg2 Bxe5 21. Bf4 Qb6+ 22. c5 Qxb2 23. Qxb2 Bxb2 24. Rab1 Bd4+ 25. Be3 dxc5 26. Rxb7 Rad8 27. Kf2 Rfe8 28. Kf3 c4 29. Rc1 c3 30. Bxd4 Rxd4 31. Rxc3 Rdxe4 32. Rxc6 Ra4 33. Rc2 h5 34. Nf4 Ra3+ 35. Kf2 Ree3 36. Ne2 Rf3+ 37. Kg2 Rfd3 38. Rc8+ Kg7 39. Rcc7 Rxa2 40. Rxf7+ Kh6 41. Rbe7 Rdd2 42. Kf3 a5 43. Kf4 Rxe2 44. Rh7# 1-0